000 00663nam a2200241Ia 4500
003 OSt
005 20220923220956.0
006 a|||||r|||| 00| 0
007 ta
008 220922b |||||||| |||| 00| 0 hin d
024 _a193,134
037 _cTextual
040 _aARTS
_cARTS
_bhin
041 _2hin
_ahin
082 _aV2:2:N4, 152H9
100 _aकेला, भगवान दास
245 0 _aशासन विज्ञान
246 _aShāsan vijnyāna
250 _aसंस्क0 2
260 _c1949
942 _hV2:2:N4, 152H9
_cTEXL
_2CC
999 _c345625
_d345625